<?xml version="1.0" encoding="UTF-8"?>
<record
    xmlns:xsi="http://www.w3.org/2001/XMLSchema-instance"
    xsi:schemaLocation="http://www.loc.gov/MARC21/slim http://www.loc.gov/standards/marcxml/schema/MARC21slim.xsd"
    xmlns="http://www.loc.gov/MARC21/slim">

  <leader>00902nam a2200289   4500</leader>
  <controlfield tag="001">00265</controlfield>
  <controlfield tag="003">DO-SdBNP</controlfield>
  <controlfield tag="005">20240301072711.0</controlfield>
  <controlfield tag="007">00265</controlfield>
  <controlfield tag="008">160411b 1998  sp ||| 00| 0 spa d</controlfield>
  <datafield tag="020" ind1=" " ind2=" ">
    <subfield code="a">8437601614</subfield>
  </datafield>
  <datafield tag="040" ind1=" " ind2=" ">
    <subfield code="a">BPMSU</subfield>
    <subfield code="b">spa</subfield>
    <subfield code="c">BPMSU</subfield>
  </datafield>
  <datafield tag="082" ind1=" " ind2=" ">
    <subfield code="a">861.62</subfield>
    <subfield code="b">J61p 1998</subfield>
    <subfield code="2">22</subfield>
  </datafield>
  <datafield tag="100" ind1="1" ind2=" ">
    <subfield code="a">Jim&#xE9;nez, Juan Ram&#xF3;n, </subfield>
    <subfield code="d">1881-1958.</subfield>
  </datafield>
  <datafield tag="245" ind1="1" ind2="0">
    <subfield code="a">Platero y yo /</subfield>
    <subfield code="c">Juan Ram&#xF3;n Jim&#xE9;nez ; Edici&#xF3;n Michael P. Predmore </subfield>
  </datafield>
  <datafield tag="250" ind1=" " ind2=" ">
    <subfield code="a">18a. ed. </subfield>
  </datafield>
  <datafield tag="260" ind1=" " ind2=" ">
    <subfield code="a">Madrid : </subfield>
    <subfield code="b">Ediciones C&#xE1;tedra, </subfield>
    <subfield code="c">1998.</subfield>
  </datafield>
  <datafield tag="300" ind1=" " ind2=" ">
    <subfield code="a">271 p. ;</subfield>
    <subfield code="c">20 cm. </subfield>
  </datafield>
  <datafield tag="490" ind1="0" ind2=" ">
    <subfield code="a">Letras hisp&#xE1;nica,</subfield>
    <subfield code="v">90</subfield>
  </datafield>
  <datafield tag="500" ind1=" " ind2=" ">
    <subfield code="a">Incluye referencias bibliogr&#xE1;ficas y notas al pie de las p&#xE1;ginas </subfield>
  </datafield>
  <datafield tag="590" ind1=" " ind2=" ">
    <subfield code="a">Inventariado, 2023/VM</subfield>
    <subfield code="6"> </subfield>
  </datafield>
  <datafield tag="650" ind1=" " ind2="4">
    <subfield code="a">Poes&#xED;as juveniles espa&#xF1;ola</subfield>
  </datafield>
  <datafield tag="650" ind1=" " ind2="4">
    <subfield code="a">Literatura espa&#xF1;ola</subfield>
    <subfield code="x"> </subfield>
  </datafield>
  <datafield tag="700" ind1="1" ind2=" ">
    <subfield code="a">Predmore, Michael P. </subfield>
    <subfield code="e">ed.</subfield>
  </datafield>
  <datafield tag="910" ind1=" " ind2=" ">
    <subfield code="a">VMateo V.Control de calidad BPMSU </subfield>
  </datafield>
  <datafield tag="942" ind1=" " ind2=" ">
    <subfield code="2">ddc</subfield>
    <subfield code="c">BK</subfield>
  </datafield>
  <datafield tag="952" ind1=" " ind2=" ">
    <subfield code="0">0</subfield>
    <subfield code="1">0</subfield>
    <subfield code="2">ddc</subfield>
    <subfield code="4">0</subfield>
    <subfield code="7">0</subfield>
    <subfield code="8">CJ-G</subfield>
    <subfield code="a">BPMET</subfield>
    <subfield code="b">BPMET</subfield>
    <subfield code="d">2016-04-11</subfield>
    <subfield code="e">FUNDI</subfield>
    <subfield code="l">0</subfield>
    <subfield code="o">BPMSU CJG 861.62 J61p 1998</subfield>
    <subfield code="p">BPMSU16040306</subfield>
    <subfield code="r">2016-04-11</subfield>
    <subfield code="w">2016-04-11</subfield>
    <subfield code="y">BK</subfield>
  </datafield>
  <datafield tag="952" ind1=" " ind2=" ">
    <subfield code="0">0</subfield>
    <subfield code="1">0</subfield>
    <subfield code="2">ddc</subfield>
    <subfield code="4">0</subfield>
    <subfield code="7">0</subfield>
    <subfield code="8">CJ-G</subfield>
    <subfield code="a">BPMET</subfield>
    <subfield code="b">BPMET</subfield>
    <subfield code="d">2016-04-11</subfield>
    <subfield code="e">FUNDI</subfield>
    <subfield code="l">0</subfield>
    <subfield code="o">SJ 861.62 J61p 1998</subfield>
    <subfield code="p">BPMSU16040307</subfield>
    <subfield code="r">2016-04-11</subfield>
    <subfield code="t">ej. 2</subfield>
    <subfield code="w">2016-04-11</subfield>
    <subfield code="y">BK</subfield>
  </datafield>
  <datafield tag="952" ind1=" " ind2=" ">
    <subfield code="0">0</subfield>
    <subfield code="1">0</subfield>
    <subfield code="2">ddc</subfield>
    <subfield code="4">0</subfield>
    <subfield code="7">0</subfield>
    <subfield code="8">CJ-G</subfield>
    <subfield code="a">BPMET</subfield>
    <subfield code="b">BPMET</subfield>
    <subfield code="d">2021-03-23</subfield>
    <subfield code="l">0</subfield>
    <subfield code="o">SJ 861.62 J61p 1998</subfield>
    <subfield code="p">BPMET21030067</subfield>
    <subfield code="r">2021-03-23</subfield>
    <subfield code="t">e.3</subfield>
    <subfield code="w">2021-03-23</subfield>
    <subfield code="y">BK</subfield>
  </datafield>
  <datafield tag="999" ind1=" " ind2=" ">
    <subfield code="c">9683</subfield>
    <subfield code="d">9683</subfield>
  </datafield>
</record>
